LEADER 02050nam1 22004213i 450 001 CAGE015546 005 20170908093314.0 100 $a20110512f17811785||||0itac50 ba 101 | $aita 102 $ait 181 1$6z01$ai $bxxxe 182 1$6z01$an 200 1 $aOmelie di monsignore d.f. Giuseppe Maria Pilo carmelitano recitate nella sua diocesi d'Ales e Terralba. Tomo primo (-quarto) 210 $aCagliari$cnella Reale Stamperia$d[1781-1785] 215 $a4 v.$d4ยบ 300 $aLe date si ricavano dal permesso di stampa 300 $aStemma calcogr. sui front. firmato: G. Landi d.[elineavit] G. Betti s.[culpsit]- Front. in rosso e nero. 314 $aIncisore$9FERV076399 314 $aDisegnatore$9SBLV162585 463 1$1001CAGE015551$12000 $a1$v1 463 1$1001CAGE015552$12000 $a2$v2 463 1$1001CAGE015553$12000 $a3$v3 620 $aIT$dCagliari$3CAGL000599 700 1$aPilo$b, Giuseppe Maria$f <1929- >$3CFIV016797$4070$0212593 702 1$aBetti$b, Giovanni Battista$3FERV076399 702 1$aLandi$b, Giuseppe Antonio$f <1713-1791>$3SBLV162585 712 02$aStamperia reale$c $3RMRV008502$4650 790 1$aPilo$b, Quirico$3TO0V483302$zPilo, Giuseppe Maria <1929- > 790 1$aPilo$b, Giuseppe M.$3TSAV598554$zPilo, Giuseppe Maria <1929- > 791 02$aTipografia regia$c $3SBNV005139$zStamperia reale 791 02$aReale Stamperia$c $3SBNV032080$zStamperia reale 801 3$aIT$bIT-NA0079$c20110512 850 $aIT-NA0079 912 $aCAGE015546 950 1$aBiblioteca Nazionale Vittorio Emanuele III$b1 es. (Vol. 1.-3.)$c1 v. (vol. 1.)$d BNV.F. 173 F 2$b1 es. (Vol. 1.-3.)$c1 v. (vol. 2.)$d BNV.F. 173 F 3$b1 es. (Vol. 1.-3.)$c1 v. (vol. 3.)$d BNV.F. 173 F 4 977 $a BN 996 $aOmelie di monsignore d.f. Giuseppe Maria Pilo carmelitano recitate nella sua diocesi d'Ales e Terralba. Tomo primo (-quarto)$91485407 997 $aUNISANNIO